Multi-dimensional modal logic /

Guardado en:
Autor Principal: Marx, Maarten.
Otros Autores: Venema, Yde, 1963-
Formato: Libro
Idioma:English
Publicado: Dordrecht : Kluwer Academic Publishers, 1997.
Series:Applied logic series ; v. 4
Materias:
Etiquetas: Agregar Etiqueta
Sin Etiquetas, Sea el primero en etiquetar este registro!
LEADER 00750pam a2200229 a 4500
001 MAT.inmabb004043
008 961108s1997####ne#a#####b####001#0#eng##
005 20151110120454.0
245 1 0 |a Multi-dimensional modal logic /  |c by Maarten Marx and Yde Venema. 
260 |a Dordrecht :  |b Kluwer Academic Publishers,  |c 1997. 
300 |a xiii, 239 p. :  |b il. ;  |c 25 cm. 
440 0 |a Applied logic series ;  |v v. 4 
504 |a Incluye referencias bibliográficas (p. 223-232) e índice. 
510 4 |a MR,  |c 98a:03025 
020 |a 079234345X 
100 1 |a Marx, Maarten. 
700 1 |a Venema, Yde,  |d 1963- 
650 0 |a Modality (Logic) 
084 |a 03B45 (03G15)  |2 MR 
010 |a  96049525  
040 |a DLC  |c DLC  |d DLC 
859 |h 03  |i M392  |p A-8387  |b BIB. MATEMATICA